Normal view
MARC view
Entry Personal Name
001 - CONTROL NUMBER
- control field: 162488
003 - CONTROL NUMBER IDENTIFIER
- control field: OSt
005 - DATE AND TIME OF LATEST TRANSACTION
- control field: 20220923212438.0
008 - FIXED-LENGTH DATA ELEMENTS
- fixed length control field: 220923|| aca||aabn | a|a d
040 ## - CATALOGING SOURCE
- Original cataloging agency: OSt
- Transcribing agency: OSt
100 ## - HEADING--PERSONAL NAME
- Personal name: येफ्रेमोव, इ0
670 ## - SOURCE DATA FOUND
- Source citation: Work cat.: (OSt)308689: येफ्रेमोव, इ0, वैज्ञानिक काल्पनिक कहानियां, नारायण खन्ना अनु , मदन लाल संपा , 1965
